Relatos e historias en México : año VIII, número 80, abril de 2015 /

Kaydedildi:
Detaylı Bibliyografya
Diğer Yazarlar: Nieves Noriega, María (dirección) (dirección)
Materyal Türü: Kitap
Dil:İspanyolca
Baskı/Yayın Bilgisi: México : Raíces, 2015, c2015
Etiketler: Etiketle
Etiket eklenmemiş, İlk siz ekleyin!

MARC

LEADER 00000nam^a2200000^a^4500
001 000597117
005 20250521000000.0
009 20260310133119.315
022 |a 2007-0616 
037 |a Acervo ITESO - Biblioteca 
041 |a ESP 
091 |a FCR. 02279 
240 1 1 |a [Relatos e historias en México] 
245 0 0 |a Relatos e historias en México :  |b año VIII, número 80, abril de 2015 / 
264 4 |a México :  |b Raíces,  |c 2015, c2015 
300 |a 96 p. 
336 |a texto  |b txt  |2 rdacontenido 
337 |a sin mediación  |b n  |2 rdamedio 
338 |a volumen  |b nc  |2 rdasoporte 
649 |a XX 
700 |a Nieves Noriega, María  |e (dirección) 
910 |a Fondo Cristina Romo Gil 
920 |a Impresos - Libros 
930 |a Fondos Especiales 
905 |a 143 
901 |a 597302-10  |b IT2  |c ESP  |i D120706  |u 20250521 
902 |a https://opac.biblio.iteso.mx/vufind/Record/000597117